| 000 | 00674nam a2200205 a 4500 | ||
|---|---|---|---|
| 005 | 20140310182411.0 | ||
| 008 | 110820s19uu xx 00 eng d | ||
| 050 |
_aHJ 4768 _b.R33 2011 |
||
| 100 | _aReyes, Virgilio D. | ||
| 245 |
_aThe income tax simplified : _ba handbook for the non-accounting student, a guide for the do-it-yourself taxpayer / _cVirgilio D. Reyes. |
||
| 250 | _a2011 ed. | ||
| 260 |
_aManila : _bs.n.], _c2011. |
||
| 300 |
_a8-19, A-33 : _bill. ; _c23 cm. |
||
| 440 | _aPhilippine Taxes Simplified Series Vol. 1 | ||
| 521 | _aBSA | ||
| 650 | _aBSA-FIL | ||
| 650 |
_aIncome tax _xHandbooks, manuals, etc. |
||
| 942 |
_cBK _2lcc _kLOC |
||
| 999 |
_c12840 _d12840 |
||